000 00702cam a2200241Ia 4500
999 _c3497
_d3497
001 24536
003 GBCCL
005 20241126110456.0
008 830701s1966 miu 000 0 eng d
010 _a 66023186
035 _a(OCoLC)09664224
040 _aDML
_cDML
049 _aLBBK
082 _a253.5
_bNAR
092 _a253.5
_bN234c
100 1 _aNarramore, Clyde M.
_q(Clyde Maurice),
_d1916-
_97042
245 1 0 _aCounseling with youth :
_bat church, school, and camp /
_cby Clyde M. Narramore.
260 _aGrand Rapids, Mich. :
_bZondervan,
_cc1966.
300 _a113 p. ;
_c21 cm.
650 0 _aChurch work with youth.
_95463
650 0 _aPastoral counseling.
_9547
942 _2ddc
_cBK
_010